[Event "Gatwick e2e4 Challengers-C"]
[Site "Crawley"]
[Date "2012.08.21"]
[Round "6"]
[White "Lexton, Michael J"]
[Black "Wood Robinson, Max"]
[Result "1-0"]
[WhiteElo "2057"]
[BlackElo "1752"]
[PlyCount "53"]
[EventDate "2012.08.18"]
[EventType "tourn"]
[EventRounds "9"]
[EventCountry "ENG"]
[SourceTitle "EXT 2014"]
[Source "ChessBase"]
[SourceDate "2013.11.20"]
[SourceVersion "1"]
[SourceVersionDate "2013.11.20"]
[SourceQuality "1"]

1. e4 e5 2. Nf3 Nc6 3. Bb5 a6 4. Ba4 Nf6 5. 0-0 b5 6. Bb3 d6 7. c3 Bg4 8. h3 Bh5 9. d3 Be7 10. Nbd2 0-0 11. Qe2 Re8 12. Rd1 h6 13. g4 Bg6 14. Nf1 Nh7 15. Ng3 Ng5 16. Bxg5 Bxg5 17. Nxg5 Qxg5 18. Bd5 Ne7 19. Bxa8 Rxa8 20. d4 Nc6 21. a4 Qh4 22. axb5 Nd8 23. Rxa6 Rb8 24. d5 f6 25. Kg2 Nf7 26. c4 Ng5 27. Rh1 1-0

[Event "Gatwick e2e4 Challengers-C"]
[Site "Crawley"]
[Date "2012.08.20"]
[Round "5"]
[White "Wood Robinson, Max"]
[Black "Levesque, Thomas"]
[Result "0-1"]
[WhiteElo "1752"]
[BlackElo "2030"]
[PlyCount "58"]
[EventDate "2012.08.18"]
[EventType "tourn"]
[EventRounds "9"]
[EventCountry "ENG"]
[SourceTitle "EXT 2014"]
[Source "ChessBase"]
[SourceDate "2013.11.20"]
[SourceVersion "1"]
[SourceVersionDate "2013.11.20"]
[SourceQuality "1"]

1. e4 e6 2. d4 d5 3. Nd2 Nf6 4. e5 Nfd7 5. Bd3 a6 6. f4 g6 7. Ngf3 c5 8. c3 Nc6 9. Bc2 b5 10. g4 cxd4 11. cxd4 Qb6 12. Nb3 Bb4+ 13. Bd2 Bb7 14. a3 Be7 15. f5 a5 16. Bh6 b4 17. a4 Ba6 18. Qd2 0-0-0 19. Bg7 Rhg8 20. Qh6 Bc4 21. Rd1 gxf5 22. gxf5 exf5 23. Qxh7 Kb7 24. h4 f6 25. e6 Nde5 26. Nxe5 fxe5 27. Bxe5 Ka8 28. Qxf5 Rdf8 29. Qh3 Nxe5 0-1

[Event "Sunningdale e2e4 Major H"]
[Site "Sunningdale"]
[Date "2011.08.14"]
[Round "9"]
[White "Wood Robinson, Max"]
[Black "Homolka, Vincent"]
[Result "0-1"]
[WhiteElo "1747"]
[BlackElo "1957"]
[PlyCount "34"]
[EventDate "2011.08.10"]
[EventType "tourn"]
[EventRounds "9"]
[EventCountry "ENG"]
[SourceTitle "EXT 2023"]
[Source "ChessBase"]
[SourceDate "2022.10.05"]
[SourceVersion "1"]
[SourceVersionDate "2022.10.05"]
[SourceQuality "1"]

1. e4 d5 2. exd5 Qxd5 3. Nc3 Qa5 4. d4 Nf6 5. Bd3 Bg4 6. f3 Bh5 7. Nge2 Nc6 8. Be3 e5 9. Bb5 0-0-0 10. Bxc6 bxc6 11. Qb1 exd4 12. Nxd4 Qe5 13. Kf2 Rxd4 14. Bxd4 Qxd4+ 15. Kf1 Bc5 16. Nd1 Re8 17. g4 Qd2 0-1

[Event "Sunningdale e2e4 Major H"]
[Site "Sunningdale"]
[Date "2011.08.13"]
[Round "6"]
[White "Moss, Guy"]
[Black "Wood Robinson, Max"]
[Result "1-0"]
[WhiteElo "1882"]
[BlackElo "1747"]
[PlyCount "57"]
[EventDate "2011.08.10"]
[EventType "tourn"]
[EventRounds "9"]
[EventCountry "ENG"]
[SourceTitle "EXT 2023"]
[Source "ChessBase"]
[SourceDate "2022.10.05"]
[SourceVersion "1"]
[SourceVersionDate "2022.10.05"]
[SourceQuality "1"]

1. e4 g6 2. Nf3 Bg7 3. d4 d6 4. Nc3 a6 5. Bc4 b5 6. Bb3 Bb7 7. 0-0 Nd7 8. Ng5 d5 9. Bxd5 Bxd5 10. Nxd5 c6 11. Nc3 h6 12. Nf3 Ngf6 13. e5 Nd5 14. Ne4 g5 15. c3 Nf8 16. Nc5 Ng6 17. e6 f5 18. Qc2 Rf8 19. Nd7 g4 20. Nxf8 Nxf8 21. Qxf5 Nxe6 22. Qxe6 gxf3 23. Qg6+ Kf8 24. gxf3 Qc7 25. Kh1 Qd7 26. Rg1 Qh3 27. Qxg7+ Ke8 28. Qg8+ Kd7 29. Qg4+ 1-0

[Event "Sunningdale e2e4 Major H"]
[Site "Sunningdale"]
[Date "2011.08.11"]
[Round "3"]
[White "Freeland, Alex"]
[Black "Wood Robinson, Max"]
[Result "0-1"]
[WhiteElo "1748"]
[BlackElo "1747"]
[PlyCount "130"]
[EventDate "2011.08.10"]
[EventType "tourn"]
[EventRounds "9"]
[EventCountry "ENG"]
[SourceTitle "EXT 2023"]
[Source "ChessBase"]
[SourceDate "2022.10.05"]
[SourceVersion "1"]
[SourceVersionDate "2022.10.05"]
[SourceQuality "1"]

1. e4 e5 2. f4 d6 3. Nf3 Nd7 4. Nc3 Ngf6 5. Bc4 c6 6. Ng5 d5 7. exd5 Nb6 8. Bb3 Nfxd5 9. 0-0 f6 10. Nge4 Nxf4 11. d3 Nfd5 12. Qh5+ g6 13. Qf3 f5 14. g4 f4 15. d4 exd4 16. Nxd5 Nxd5 17. Bxd5 cxd5 18. Qxf4 Be6 19. Nf6+ Ke7 20. Qxd4 Qb6 21. Qxb6 axb6 22. Bg5 Kd6 23. Bf4+ Kc6 24. Rae1 Bc5+ 25. Kh1 Bf7 26. a3 Bd4 27. Be3 Bxb2 28. Rb1 d4 29. Rxb2 dxe3 30. Rfb1 Ra6 31. Kg1 Bc4 32. a4 e2 33. Rb4 b5 34. axb5+ Bxb5 35. Kf2 Ba4 36. Kxe2 b5 37. c3 Kb7 38. Ne4 Kc7 39. Nc5 Re8+ 40. Kf3 Rf6+ 41. Rf4 Rxf4+ 42. Kxf4 Kc6 43. Nxa4 bxa4 44. h4 Kc5 45. Kg5 Ra8 46. Kh6 Ra7 47. g5 Kc4 48. h5 gxh5 49. Kxh5 a3 50. Kh6 a2 51. Rh1 Kxc3 52. Rg1 Kb4 53. Ra1 Ka3 54. Rg1 Rb7 55. Rf1 Rb1 56. Rf3+ Kb4 57. Rf4+ Kc5 58. Ra4 a1Q 59. Rxa1 Rxa1 60. Kxh7 Rh1+ 61. Kg7 Kd6 62. g6 Ke6 63. Kg8 Rg1 64. g7 Kf6 65. Kh8 Kf7 0-1

[Event "Sunningdale e2e4 Major op"]
[Site "Sunningdale"]
[Date "2011.05.30"]
[Round "7"]
[White "Fitzgerald, Robert"]
[Black "Wood Robinson, Max"]
[Result "1-0"]
[WhiteElo "1962"]
[BlackElo "1794"]
[PlyCount "70"]
[EventDate "2011.05.27"]
[EventType "swiss"]
[EventRounds "7"]
[EventCountry "ENG"]
[SourceTitle "EXT 2023"]
[Source "ChessBase"]
[SourceDate "2022.10.05"]
[SourceVersion "1"]
[SourceVersionDate "2022.10.05"]
[SourceQuality "1"]

1. e4 g6 2. d4 Bg7 3. Nc3 d6 4. Be3 Nd7 5. f4 a6 6. Nf3 b5 7. e5 e6 8. Bd3 Ne7 9. Qe2 Bb7 10. Be4 d5 11. Bd3 Rc8 12. b4 Nb6 13. 0-0 Qd7 14. Nd2 Nc6 15. a3 Nc4 16. Nb3 Nb8 17. Nc5 Qc6 18. g4 Bh6 19. Nd1 Nd7 20. f5 Nxe3 21. Nxe3 Nxc5 22. bxc5 Ke7 23. Qf3 Rcf8 24. Qg3 Bxe3+ 25. Qxe3 Bc8 26. fxg6 hxg6 27. Rf6 Qe8 28. Qg5 Kd7 29. a4 c6 30. axb5 cxb5 31. Qd2 Ke7 32. Qg5 Kd7 33. Raf1 Kc6 34. Qf4 Rh4 35. Bxg6 Rg8 1-0

[Event "Uxbridge e2e4 Major op"]
[Site "Uxbridge"]
[Date "2011.03.20"]
[Round "5"]
[White "Wood Robinson, Max"]
[Black "Boudkeev, Timour"]
[Result "0-1"]
[WhiteElo "1794"]
[BlackElo "1838"]
[PlyCount "52"]
[EventDate "2011.03.18"]
[EventType "swiss"]
[EventRounds "5"]
[EventCountry "ENG"]
[SourceTitle "EXT 2023"]
[Source "ChessBase"]
[SourceDate "2022.10.05"]
[SourceVersion "1"]
[SourceVersionDate "2022.10.05"]
[SourceQuality "1"]

1. e4 c6 2. d4 d5 3. e5 Bf5 4. Nf3 e6 5. Be3 Qb6 6. b3 c5 7. Bd3 Bxd3 8. Qxd3 cxd4 9. Bxd4 Bc5 10. Nc3 Bxd4 11. Nxd4 Nc6 12. Nxc6 bxc6 13. Qg3 g6 14. 0-0 Nh6 15. Rad1 Nf5 16. Qg5 Qd8 17. Qxd8+ Rxd8 18. Na4 d4 19. Rd3 Rd5 20. Re1 0-0 21. b4 Rb8 22. a3 a5 23. Rb3 axb4 24. g4 Ne7 25. Reb1 Rdb5 26. Nb6 R8xb6 0-1